header

Franklin's Thanksgiving (Record no. 262783)

MARC details
000 -LEADER
fixed length control field 00217nam a22000977a 4500
020 ## - INTERNATIONAL STANDARD BOOK NUMBER
ISBN 043923820
100 ## - MAIN ENTRY--AUTHOR NAME
Personal name Sharon Jennings
245 ## - TITLE STATEMENT
Title Franklin's Thanksgiving
260 ## - PUBLICATION, DISTRIBUTION, ETC. (IMPRINT)
Place of publication New York
Name of publisher Scholastic
Year of publication 2001
942 ## - ADDED ENTRY ELEMENTS (KOHA)
Koha item type Long Loan Books
Holdings
Withdrawn status Lost status Collection code Home library Current library Shelving location Date acquired Accession Number Koha item type
    Fiction Rongo University Library Rongo University Library Children's Area 07/02/2024 CL2021003 Long Loan Books

© 2026 Rongo University
Contact us: librarian | system librarian | Rongo university